[Event "World Youth Stars 3rd"]
[Site "Kirishi"]
[Date "2005.05.16"]
[Round "3"]
[White "Sjugirov, Sanan"]
[Black "Lenic, Luka"]
[Result "1-0"]
[WhiteElo "2381"]
[BlackElo "2465"]
[Annotator "Langrock,H"]
[PlyCount "177"]
[EventDate "2005.05.14"]
[EventType "tourn"]
[EventRounds "11"]
[EventCountry "RUS"]
[EventCategory "10"]
[SourceTitle "CBM 107"]
[Source "ChessBase"]
[SourceDate "2005.08.01"]
[SourceVersion "1"]
[SourceVersionDate "2005.08.01"]
[SourceQuality "1"]

1. e4 c5 2. Nf3 g6 3. d4 cxd4 4. Nxd4 Nf6 5. Nc3 Nc6 6. Be3 Bg7 7. Bc4 Qa5 8.
O-O O-O 9. Nb3 Qd8 10. Be2 d6 11. f4 Be6 12. Bf3 Na5 13. Nxa5 Qxa5 14. Qd2 Rfd8
15. Rad1 Rac8 16. Nd5 Qxd2 17. Rxd2 Bxd5 18. exd5 Nd7 19. c3 Nc5 20. Re1 Kf8
21. g4 b5 22. h4 a5 23. a3 Rc7 24. h5 Rb8 25. Bd4 b4 26. axb4 axb4 27. Bxg7+
Kxg7 28. Kg2 bxc3 29. bxc3 Rb3 30. Re3 Na4 31. g5 gxh5 32. Bxh5 Rbxc3 33. Rxc3
Nxc3 34. Bf3 Rc4 35. Rd3 h6 36. gxh6+ Kxh6 37. Re3 Rc7 38. Kg3 Kg6 39. Re1 Kf6
40. Rh1 Rc5 41. Rh6+ Kg7 42. Rh5 Ra5 43. Rg5+ Kf6 44. Kg4 Nb5 45. Rf5+ Kg7 46.
Rg5+ Kf8 47. Be4 Nd4 48. Bh7 f6 49. Rg8+ Kf7 50. Rb8 Ra1 51. Bb1 Ra4 52. Rb2
Ra8 53. Kg3 Ra3+ 54. Kg4 Rc3 55. Rb4 Rc1 56. Bd3 Nc2 57. Re4 Na1 58. Rb4 Rd1
59. Be4 Rd2 60. Kh3 Rd1 61. Kg4 Rc1 62. Bf5 Rc7 63. Be6+ Kg7 64. Rb1 Nc2 65.
Kh5 Nd4 66. Rg1+ Kh7 67. Bg8+ Kh8 68. Bf7 Rc2 69. Kg6 Rh2 70. Be6 $44 Rh7 (
70... Ne2 $5 {[%cal Ye2g1,Ye2f4]} 71. Rf1 (71. Ra1 Nxf4+ 72. Kf7 Rh7+ 73. Ke8
Rh5 (73... Nxe6 74. dxe6 {[%cal Ya1a7,Ya7e7]}) 74. Kxe7 Nxd5+ 75. Bxd5 Rxd5 76.
Kxf6 $11) (71. Rg4 Rh7) 71... Rh7 (71... Rh4 72. Kf7) 72. Rf2 Nd4 73. Ra2 Rg7+
74. Kh6 Rh7+ 75. Kg6 Rg7+ $11) 71. Ra1 Rg7+ $11 72. Kh6 Nxe6 73. dxe6 Rg8 74.
Ra7 Re8 $2 {Lässt den weißen König rein. Wollte Schwarz aus Enttäuschung über
den Partieverlauf noch auf Gewinn spielen?} 75. Kg6 (75. f5 d5 (75... Kg8 76.
Ra2 Rb8 77. Rg2+ Kh8 78. Rg7 $18) 76. Rd7 Kg8 77. Rxd5 Ra8 78. Rd7 Kf8 79. Rb7
Rc8 80. Kh7 $1 {[%cal Yb7b1,Yb1g1,Yg1g8]} Ra8 (80... Ke8 81. Kg7 Ra8 (81... Kd8
82. Kf7 $18) 82. Rb1 {[%cal Yb1h1,Yh1h8]} Kd8 83. Kf7 Ra5 84. Rd1+ Kc7 85. Kxe7
Rxf5 86. Rc1+ $18) 81. Rb1 Ke8 82. Rg1 $18) 75... Kg8 (75... Rg8+ 76. Kf7 Rg7+
77. Ke8 Rg8+ (77... Rg4 78. Rxe7 Rxf4 79. Kf7 $18) 78. Kd7 $1 (78. Kxe7 $2 Rg7+
79. Kxd6 Rxa7 80. e7 $11) 78... Kh7 79. Ra3 Rg7 80. Rh3+ Kg8 81. Ke8 $18) 76.
Rb7 Kf8 77. Kh7 $1 Rc8 78. Rb1 Ke8 79. Rg1 Kd8 80. Kg7 Rc4 81. Kf7 Rxf4 82.
Rg8+ Kc7 83. Kxe7 $18 Rh4 (83... Re4 84. Kf7 d5 85. e7 Kd6 86. e8=Q Rxe8 87.
Rxe8 d4 88. Kxf6 Kd5 89. Kf5 $18) 84. Kf7 Rh7+ 85. Rg7 Rh8 86. Rg8 Rh7+ 87. Kg6
Rh2 88. e7 Re2 89. Kf7 1-0

[Event "Curacao Sedreko op"]
[Site "Willemstad"]
[Date "2003.07.28"]
[Round "4"]
[White "Macieja, Bartlomiej"]
[Black "Wojtkiewicz, Aleksander"]
[Result "1-0"]
[WhiteElo "2627"]
[BlackElo "2543"]
[Annotator "Macieja,B"]
[PlyCount "57"]
[EventDate "2003.07.25"]
[EventType "swiss"]
[EventRounds "9"]
[EventCountry "AHO"]
[SourceTitle "CBM 095 Extra"]
[Source "ChessBase"]
[SourceDate "2003.09.04"]
[SourceVersion "1"]
[SourceVersionDate "2003.09.04"]
[SourceQuality "1"]

1. e4 c5 2. Nc3 g6 3. Nf3 Bg7 4. d4 cxd4 5. Nxd4 Nc6 6. Be3 Nf6 7. Bc4 O-O 8.
Bb3 a5 9. f3 Nxd4 $6 ({If black wants to equalize he has to try} 9... d5 {
All other moves transform position into one of bad lines in Dragon variation.})
10. Bxd4 d6 11. Qe2 $1 ({During my preparations I was "automatically" playing} 
11. Qd2 Bd7 12. a4 Be6 {which was leading to a slightly better for white
position. During the game I realized, that e2 was much better square for my
queen, as it could be easily developed from there to b5 or c4. Also I
considered mentioned above plan for black impossible.}) 11... Bd7 {It is
difficult to recommend anything else for black.} (11... b5 12. Nxb5 a4 13. Bc4
$16) (11... Be6 12. O-O-O $16) (11... Nd7 12. Bxg7 Kxg7 13. O-O-O $16) 12. a4 {
Now it would be nice for black to move a knight to c5, but unfortunately d7
square is occupied.} Be6 {Black continues a typical plan and ... falls into
serious troubles. Nevertheless the choice doesn't seem to be big as b5 square
is already lost!} 13. Bxe6 ({Usually white doesn't take on e6 and plays} 13.
O-O-O Bxb3 14. cxb3 {, but I re alized, that after changing on e6 black would
not be able to prevent e5!}) 13... fxe6 14. O-O-O (14. e5 $2 Nd7) 14... Nh5 (
14... e5 $2 15. Bxe5 $18) (14... Nd7 $2 15. Qc4 $18) 15. e5 $1 {It is not
obvious, but for white it is better to keep bishops on board. If center opens,
bishops will be changed anyway, but if black closes it by playing d5, he will
never ever be able to activate his bishop.} Nf4 ({If} 15... d5 {then} 16. g3 {
followed by f4 and black bishop can be treated as dead forever.}) 16. Qf2 Rc8 (
16... d5 17. g3 Nh5 18. f4 $16) (16... Nd5 17. Nxd5 exd5 18. exd6 Qxd6 19. Bxg7
Kxg7 20. Qd4+ $18) 17. Rhe1 $1 {There is no reason to hurry. The last piece
enters a game increasing pressure in the center.} Rc4 {Wojtkiewicz is a kind
of player who never plays passive positions, so I expected him to try to
complicate game. Nevertheless white's position is very solid and it is
impossible to bite anywhere.} 18. exd6 Rxd4 (18... exd6 19. Bxg7 Kxg7 20. g3
Nh3 21. Qf1 $18) 19. Rxd4 Nxg2 $2 ({An unsuccessful try. During the game I
thought the best was} 19... Bxd4 20. Qxd4 Qxd6 {with clear advantage for white.
}) 20. Rxe6 Bxd4 21. Qxd4 exd6 22. Rxd6 $18 {Nothing has left from black's
center.} Qh4 (22... Qg5+ 23. Kb1 Rxf3 24. Ne4 $18) 23. Qd5+ Rf7 24. Kb1 $1 {
The simplest. White is a pawn up and has good attack chances, so he can easily
sacrifice one move to secure position if his king.} Qxh2 25. Ne4 Ne1 ({Played
for the last chance, as} 25... Kg7 26. Ng5 {was hopeless.}) 26. Rd8+ Kg7 27.
Qd4+ Kh6 28. Qe3+ Qf4 29. Qxe1 1-0

[Event "Morelia/Linares 24th"]
[Site "Morelia/Linares"]
[Date "2007.02.25"]
[Round "7"]
[White "Svidler, Peter"]
[Black "Carlsen, Magnus"]
[Result "1/2-1/2"]
[WhiteElo "2728"]
[BlackElo "2690"]
[Annotator "Marin,M"]
[PlyCount "53"]
[EventDate "2007.02.17"]
[EventType "tourn"]
[EventRounds "14"]
[EventCountry "ESP"]
[EventCategory "20"]
[SourceTitle "CBM 117"]
[Source "ChessBase"]
[SourceDate "2007.03.30"]
[SourceVersion "1"]
[SourceVersionDate "2007.03.30"]
[SourceQuality "1"]

1. e4 c5 2. Nf3 Nc6 3. Nc3 g6 4. d4 cxd4 5. Nxd4 Bg7 6. Be3 Nf6 7. Bc4 O-O 8.
Bb3 e6 $5 ({An interesting atempt to take advantage of the presence of the
d-pawn on its initial square.} 8... d6 {would have transposed to a genuine
Dragon.}) 9. O-O d5 10. exd5 Nxd5 11. Nxd5 exd5 12. c3 Na5 {new} 13. Qd3 Nxb3
14. axb3 a6 15. Qd2 Re8 16. Rfe1 Bd7 17. Nc2 Bc6 18. Bd4 f6 $1 {Optically
speaking, an "ugly" move, creating a weakness and restricting the own bishop.
However, this is the lesser evil in this position. Allowing the exchange of
the dark-squared bishops would have left Black's position in ruins.} 19. Rxe8+
Qxe8 20. h3 Qf7 21. Nb4 Bf8 22. Nxc6 bxc6 23. b4 Bd6 24. b5 cxb5 25. Bxf6 a5
26. Bd4 Qf4 27. Qxf4 1/2-1/2

[Event "Poikovsky Karpov 05th"]
[Site "Poikovsky"]
[Date "2004.03.20"]
[Round "4"]
[White "Grischuk, Alexander"]
[Black "Zvjaginsev, Vadim"]
[Result "1-0"]
[WhiteElo "2719"]
[BlackElo "2654"]
[Annotator "McShane,L"]
[PlyCount "67"]
[EventDate "2004.03.17"]
[EventType "tourn"]
[EventRounds "9"]
[EventCountry "RUS"]
[EventCategory "18"]
[SourceTitle "CBM 100"]
[Source "ChessBase"]
[SourceDate "2004.06.01"]
[SourceVersion "1"]
[SourceVersionDate "2004.06.01"]
[SourceQuality "1"]

1. e4 c5 2. Nf3 Nc6 3. d4 cxd4 4. Nxd4 g6 5. Nc3 Bg7 6. Be3 Nf6 7. Bc4 O-O 8.
Bb3 e6 9. f4 Ng4 $2 {This idea crops up in some similar positions, but doesn't
work very well here.} 10. Qxg4 Nxd4 11. O-O-O Nxb3+ 12. axb3 {White already
has a considerable advantage. Black lags in development, and has horrible
weaknesses on the dark squares} Qa5 13. Kb1 {Of course White is not afraid of
13...Bxc3 14.bxc3 Qxc3, as after 15.Bd4 Black's king will be in mortal danger.}
f5 14. Qg5 Bf6 15. Qg3 Bxc3 {I'm sure Zvjaginsev didn't make this exchange
with much enthusiasm, but didn't see how else to stop the threat of h2-h4-h5
with a crushing attack.} 16. bxc3 fxe4 17. h4 Qh5 {Erecting a flimsy blockade,
which Grischuk proceeds to destroy.} 18. Qf2 $1 a5 19. g4 $1 Qb5 (19... Qxg4
20. h5 {is about as bad as it looks for Black.}) 20. Rd6 $1 {I like this move,
blockading d7-d5 which would free Black's miserable bishop, and reminding the
black queen that she is somewhat short of squares.} a4 (20... Ra6 $2 {loses an
exchange after} 21. c4 Qb4 22. Bc5 Qc3 23. Rxa6 bxa6 24. Bxf8) 21. Rb6 Qa5 22.
b4 Qd5 23. Qe2 {Once again threatening to trap the queen with c3-c4} e5 24. h5
{This allows Black some counterplay, but too little and too late.} exf4 25. Rd1
f3 (25... Qf7 26. hxg6 hxg6 27. Bd4 {followed by Rd1-h1 looks decisive.}) 26.
Qe1 Qf7 27. hxg6 hxg6 28. Qh4 Qh7 (28... Ra6 {doesn't help much either. White
wins after} 29. Rh1 Qg7 30. Rxa6 bxa6 31. Bd4) 29. Qg5 Ra6 30. Rdd6 $1 {
An attack begun with moves like h2-h4 and g2-g4 normally breaks through along
the open files, but here the rook infiltrations allow this surprising finish.
Black is helpess to defend g6.} Rxb6 31. Bxb6 {The bishop on c8 looks as
pathetic as ever!} f2 (31... Kf7 32. Bc5 $1 {is simplest.} Qg7 (32... Ke8 33.
Rd4 $1 {cleans up easily}) 33. Rxg6 $1 Qxg6 34. Qe7+ Kg8 35. Qxf8+ Kh7 36. Bd4
Qxg4 37. Qf7+ Kh6 38. Be3+ {and wins.}) 32. Rxg6+ Kf7 33. Qf6+ Ke8 34. Qd8+ (
34. Qd8+ Kf7 35. Rf6+ Kg7 36. Qxf8#) 1-0

[Event "Pocos de Caldas op"]
[Site "Pocos de Caldas"]
[Date "2016.02.28"]
[Round "6"]
[White "Mekhitarian, Krikor Sevag"]
[Black "El Debs, Felipe de Cresce"]
[Result "1-0"]
[WhiteElo "2563"]
[BlackElo "2506"]
[Annotator "Mekhitarian,K"]
[PlyCount "177"]
[EventDate "2016.02.26"]
[EventType "swiss"]
[EventRounds "6"]
[EventCountry "BRA"]
[SourceTitle "CBM 172"]
[Source "ChessBase"]
[SourceDate "2016.05.12"]
[SourceVersion "1"]
[SourceVersionDate "2016.05.12"]
[SourceQuality "1"]

1. e4 c5 2. Nf3 Nc6 3. d4 cxd4 4. Nxd4 g6 5. Nc3 Bg7 6. Be3 Nf6 7. Bc4 O-O 8.
Bb3 e6 $5 {With this move, Black intends to isolate his P to have a free game,
and avoids the attacking lines in the Dragon.} 9. O-O (9. f3 d5 10. exd5 Nxd5
11. Nxd5 exd5 12. Qd2 $2 Nxd4 $1 13. Bxd4 Qh4+ 14. Bf2 Re8+ 15. Kf1 Qf6 $17)
9... d5 10. exd5 exd5 11. Qd2 Be6 12. f3 {12.h3 is the common move, but then ..
.Qd7 with ...Bxh3 ideas is annoying. Because of that, I tried a new idea that
I had prepared, to play simply with f3 (stopping ...Ng4), Rfe1 and Rad1.} Re8
13. Rfe1 a6 14. Rad1 Na5 (14... Rc8 {perhaps was better, to keep the tension
on d4, so then I can't go for Bh6 right away} 15. Nce2 $14 {to play Nf4 next
would also be possible. I think White maintains an advantage anyway.}) 15. Bh6
Bh8 $2 (15... Rc8 16. Bxg7 Kxg7 {here I wasn't sure how to improve my position,
but I felt like the bishop exchange was a good achievement for me} 17. Nce2 $1
$14 {followed by Nf4 and c3 could be annoying for Black.}) 16. Nxe6 fxe6 (16...
Nxb3 17. Nxd8 Nxd2 18. Rxe8+ Nxe8 19. Nxd5 Bd4+ 20. Kh1 Rxd8 21. Ne7+ Kh8 22.
Rxd2 $16) (16... Rxe6 17. Bxd5 Rxe1+ 18. Rxe1 $16 {and White is simply a pawn
up.}) 17. Nxd5 $1 Nxb3 (17... Nxd5 $2 18. Rxe6 $1 {the point of the whole
variation} Rxe6 (18... Nxb3 19. Rxe8+ Qxe8 20. Qxd5+ Qf7 21. Qxf7+ Kxf7 22.
cxb3 $18) 19. Bxd5 Qb6+ 20. Be3 Qd6 21. Qxa5 $18) (17... exd5 $2 18. Rxe8+ Qxe8
19. Qxa5 $18) 18. Nxf6+ Bxf6 {Black puts his hopes in defending the endgame a
pawn down, since my extra pawn on b2 sometimes wouldn't count for much, as I
can't make a passed pawn on the queenside.} (18... Qxf6 19. cxb3 Qxb2 {would
give White two interesting options:} 20. Qd7 {looks better, since the black
king is weaker, White should keep the queens} (20. Qxb2 Bxb2 21. Rd7 b5 22. Kf2
$14 {with a better endgame}) 20... Qf6 21. Rd6 $16 (21. Qxb7 $2 g5 $1 $17 {
winning the h6-bishop})) 19. cxb3 (19. axb3 $2 Qxd2 20. Rxd2 Bxb2 21. Rd7 {
doesn't threaten anything, and besides, White has to be watching the dangerous
passed pawn which Black could create on the queenside:} b5 $1 $132 {followed
by ...a5.}) 19... Qxd2 20. Rxd2 $16 {Naturally I was happy with the outcome of
the opening, but I knew it would be a difficult task to convert this endgame,
specially against the tough opponent I had in front of me.} Kf7 21. Be3 Rad8
22. Rc2 Rc8 23. Rec1 Rxc2 24. Rxc2 Re7 {Exchanging a pair of rooks and
bringing the king to the centre looked like a standard first step.} 25. Kf2 Rd7
26. Bb6 Be5 27. g3 Rd6 28. Be3 Rd7 29. b4 Rc7 30. Rd2 (30. Rxc7+ $2 {should be
be a major mistake, because in the following endgame, it looks hard for White
to create real winning chances, despite the additional pawn. And being unsure
about the outcome, it is always better to keep the rooks, naturally.} Bxc7 31.
Ke2 Kf6 32. Kd3 Kf5 33. g4+ Kf6 34. h3 Ke5 35. Kc4 Kd6 36. Kd4 e5+ 37. Ke4 Ke6
$11 {it feels like Black will be able to hold it.}) 30... Bf6 31. Ke2 Ke8 32.
Rd6 Kf7 33. Rd2 Ke8 34. a3 Rc6 35. Bc5 Be7 36. Bd4 $1 (36. Bxe7 $6 {I wasn't
so happy about exchanging the bishops as well. I thought I could use them to
make a strong setup with all my pawns on dark squares, as I did later in the
game} Kxe7 37. Kd3 Rc1 $132 {with counterplay, Black has decent drawing chances
}) 36... Rc1 {This rook invasion is not a problem for White, everything is
safe with the R on d2.} 37. Kd3 Bg5 38. f4 Be7 39. Bc3 b5 40. Re2 Kd7 41. Ke4
Rd1 42. Be5 Bd8 43. Bd4 Bc7 44. Bc5 Bd8 45. Bd4 Bc7 46. Bf6 Bb6 47. g4 $1 {
After shuffling around, I was confident with this plan. After g4-g5, I want to
play h4-h5 and Rh2 to invade Black's position. If Black defends it with the
rook on h1, then I will be able to use the d-file to activate my rook.} Bd8 (
47... h5 {during the game I did not think about this at all. The idea is that
I can't play g5 now (because then I wouldn't have anything on the kingside).
But naturally I should take on h5 and try to use the g-file for my rook.} 48.
gxh5 gxh5 49. Bc3 {avoiding ...Re1+ first to threaten Rg2} Rh1 50. Rg2 Bc7 51.
Rg7+ Kc8 {creating difficulties for White to make progress} 52. h4 $5 Rxh4 53.
Be5 {the idea of 52.h4 was to worsen Black's rook position, and now play this
annoying move} Bd8 (53... Bxe5 54. Kxe5 Rg4 55. Re7 h4 56. Rxe6 $16) 54. Ra7
Rh1 55. Rxa6 $16) 48. Be5 Bh4 49. Bc3 {Stopping ...Re1.} Bd8 50. Be5 Bh4 51.
Rc2 Bd8 52. g5 Bb6 53. Re2 Ke7 54. h4 $1 {With the aforementioned plan of
playing h5. I liked this endgame because I placed all my pawns on dark squares,
and they create strongholds for my bishop (for example Be5 or Bf6 or Bc3).
This helps me in my attacking ideas, and also, apart from h4, all my pawns are
defended by pawns or by my bishop, meaning I don't need my king or my rook for
that} Rh1 55. Rc2 (55. Bf6+ $5 Kf7 (55... Kd7 56. Rd2+ Kc6 57. Be5 Rxh4 58.
Rd6+ Kb7 59. Rxe6 $18) 56. Rd2 Re1+ 57. Kf3 Rf1+ 58. Kg3 Rg1+ 59. Kh2 Rg4 60.
Be5 $1 Rxh4+ 61. Kg3 Rh1 62. Rd6 $18 {with decisive effects.}) 55... Rh3 56.
Bf6+ Kd6 57. Rd2+ Kc6 58. Rc2+ Kd6 59. Rd2+ Kc6 60. Bd4 $1 Bc7 61. Rc2+ $6 {
in time trouble, I missed a strong idea} (61. Be5 $1 {transforming the
position into a won rook endgame} Bxe5 62. Kxe5 Re3+ 63. Kf6 {threatening Kg7}
Rh3 64. Kxe6 Rxh4 65. Rd6+ Kc7 (65... Kb7 66. f5 $1 $18) 66. Rd4 Rh2 67. Rd7+
Kc6 68. Rd6+ Kb7 69. Kf6 $18) 61... Kd7 62. Bf2 $2 Bd6 $6 (62... Rh2 $1 {
possibly forces a draw right away, because ...Bb6 is a serious threat (the R
exchange leads to a drawn endgame, and otherwise White is just stuck).} 63.
Rd2+ Kc6 64. Be1 Rxd2 65. Bxd2 Bd6 66. Bc3 Kd7 67. Be5 Be7 68. Bb8 Kc8 69. Ba7
Bd6 $11) 63. Rd2 Kc6 64. Be1 $16 {Now White has the time to try building a
winning position again.} Bc7 65. Re2 Kd7 66. Rg2 Bb6 67. Bg3 Rh1 68. Rd2+ Ke7
69. Rc2 Kd7 70. Re2 Bc7 71. Kf3 Rf1+ 72. Ke4 Rh1 73. Bf2 Rh3 (73... Rh2 {
wouldn't be so strong now, because} 74. Kf3 {at least stops the R exchange,
keeping the game going.}) 74. Rd2+ Kc6 75. Bd4 Rh1 76. Re2 Rh3 77. Be5 Bb6 78.
Bb8 $1 Rxh4 $6 (78... Kb7 79. Bd6 Kc6 80. Ke5 Kd7 81. Rd2 $18) (78... Kd7 $1 {
would still put up strong resistance} 79. Ke5 Ke7 $1 (79... Rf3 80. Rc2 $1 (80.
Kf6 $6 Bd4+ 81. Kf7 e5 82. Re4 Kc6 $1 83. Bxe5 Bxe5 84. Rxe5 Rxf4+ 85. Kg7 Rxh4
$11) 80... Rf2 81. Rc1 Ke7 82. Bd6+ Kf7 83. Ke4 {escaping the mating net and
threatening Rc6 with devastating effects.} Re2+ (83... Rxb2 $2 84. Rc6 $18) 84.
Kd3 Re3+ 85. Kd2 Rh3 86. Rc6 $18 {and White should win, after Rxa6, and
possibly a4! followed by b5-b6, etc}) 80. Bd6+ Kf7 81. Ke4 Rxh4 82. Rc2 $36)
79. Ke5 Rh3 (79... Bc7+ 80. Bxc7 Kxc7 81. Rd2 $1 {putting Black in a pretty
zugzwang position. Any move would worsen his situation significantly.} Kc8 (
81... Rh3 82. Kxe6 Re3+ 83. Kf6 Rf3 84. Rh2 Rxf4+ 85. Kg7 Rf5 86. Rxh7 $1 $18 {
and Black loses, because he can't take on g5, because of 87.Kf6+.}) 82. Rd6 $18
) (79... h6 80. Kf6 hxg5 81. fxg5 Bd8+ 82. Kxg6 Rg4 83. Re5 Kd7 {with drawing
chances.}) 80. Rd2 {Now Black is in trouble again.} Be3 81. Rc2+ Kb7 82. Bd6
Rh4 83. Rc7+ Kb6 84. Rf7 $18 h6 85. Kxe6 hxg5 86. Kd5 $1 {Threatening to win
by Bc5+ (and Bb8 as well, winning the e3-B by force).} a5 (86... gxf4 87. Bc7+
Kb7 88. Bd8+ $18) 87. Bc5+ Bxc5 88. bxc5+ Ka6 89. fxg5 1-0